[Event "Enschede op-B U16"]
[Site "Enschede"]
[Date "2009.08.07"]
[Round "7"]
[White "Van der Auweraert, Elwin"]
[Black "Edens, Maike"]
[Result "1-0"]
[WhiteElo "1844"]
[BlackElo "1865"]
[PlyCount "90"]
[EventDate "2009.08.03"]
[EventType "swiss"]
[EventRounds "9"]
[EventCountry "NED"]
[SourceTitle "CBM 132 Extra"]
[Source "ChessBase"]
[SourceDate "2009.11.03"]
[SourceVersion "1"]
[SourceVersionDate "2009.11.03"]
[SourceQuality "1"]

1. e4 c5 2. Nf3 e6 3. d4 cxd4 4. Nxd4 Nc6 5. a3 a6 6. Nc3 Qc7 7. Be3 Nf6 8. Be2 Be7 9. 0-0 0-0 10. f4 d6 11. Qe1 Bd7 12. Rd1 b5 13. Qg3 Rfd8 14. f5 Nxd4 15. Bxd4 e5 16. Be3 Kh8 17. Kh1 Bc6 18. Bf3 a5 19. Qf2 Qb7 20. Bg5 Ng8 21. Bxe7 Nxe7 22. f6 gxf6 23. Bg4 Ng6 24. Qxf6+ Kg8 25. Rd3 Qe7 26. Qf5 Rac8 27. Rh3 Rc7 28. Qh5 f6 29. Bf5 Qg7 30. Rg3 Kf7 31. h4 Rg8 32. Qg4 Nf4 33. Rxf4 exf4 34. Qh5+ Qg6 35. Rxg6 hxg6 36. Qh7+ Rg7 37. Bxg6+ Ke6 38. Bf5+ Ke5 39. Qh5 b4 40. Bd7+ Kd4 41. Ne2+ Ke3 42. Qf3+ Kd2 43. Qd3+ Ke1 44. Bxc6 Rxc6 45. Nd4 Kf2 1-0

[Event "NED-ch U17 Girls"]
[Site "Venlo"]
[Date "2009.04.29"]
[Round "6"]
[White "Edens, Maike"]
[Black "Snikkers, Naomi"]
[Result "1-0"]
[WhiteElo "1809"]
[BlackElo "1830"]
[PlyCount "87"]
[EventDate "2009.04.24"]
[EventType "tourn"]
[EventRounds "9"]
[EventCountry "NED"]
[SourceTitle "EXT 2013"]
[Source "ChessBase"]
[SourceDate "2012.11.22"]
[SourceVersion "1"]
[SourceVersionDate "2012.11.22"]
[SourceQuality "1"]

1. d4 Nf6 2. c4 g6 3. Nc3 Bg7 4. Nf3 0-0 5. Bf4 d6 6. e3 Nfd7 7. Be2 Nc6 8. 0-0 e5 9. Bg5 Qe8 10. Nd5 f6 11. Nxc7 Qd8 12. Ne6 Qe7 13. Nxf8 Nxf8 14. Bh4 g5 15. Bg3 h5 16. h3 g4 17. hxg4 hxg4 18. Nd2 exd4 19. exd4 f5 20. Nb3 Qf6 21. Qd2 Bh6 22. Bf4 Bxf4 23. Qxf4 Kg7 24. c5 dxc5 25. dxc5 Ne6 26. Qd2 Ne5 27. Rfd1 Bd7 28. f4 gxf3 29. Bxf3 Bc6 30. Bxc6 bxc6 31. Nd4 Nxc5 32. Qf4 Rf8 33. Rf1 Kg6 34. Qg3+ Kh7 35. Rxf5 Nf3+ 36. Rxf3 Qxd4+ 37. Kh2 Rxf3 38. Qxf3 Qxb2 39. Qh5+ Kg7 40. Qg5+ Kh8 41. Rf1 Qb8+ 42. g3 Na6 43. Rf7 Qd6 44. Qg7# 1-0

[Event "NED-ch U17 Girls"]
[Site "Venlo"]
[Date "2008.04.28"]
[Round "4"]
[White "Gorter, Eva"]
[Black "Edens, Maike"]
[Result "1/2-1/2"]
[WhiteElo "1716"]
[BlackElo "1691"]
[PlyCount "53"]
[EventDate "2008.04.25"]
[EventType "swiss"]
[EventRounds "9"]
[EventCountry "NED"]
[SourceTitle "CBM 123 Extra"]
[Source "ChessBase"]
[SourceDate "2008.05.06"]
[SourceVersion "1"]
[SourceVersionDate "2008.05.06"]
[SourceQuality "1"]

1. e4 c5 2. Nf3 e6 3. d4 cxd4 4. Nxd4 a6 5. c4 Nc6 6. Nc3 Nf6 7. Be3 Qc7 8. Be2 Bb4 9. f3 d5 10. cxd5 exd5 11. exd5 Nxd5 12. Ndb5 axb5 13. Qxd5 Be6 14. Qxb5 Ra5 15. Bb6 Rxb5 16. Bxc7 Rc5 17. a3 Bxc3+ 18. bxc3 Rxc3 19. Bb6 0-0 20. 0-0 Ra8 21. a4 Bc4 22. Rfe1 h6 23. a5 Bxe2 24. Rxe2 Rb3 25. Rea2 Rb5 26. Ra4 Re8 27. Bf2 1/2-1/2

[Event "Twente Young Master op-C"]
[Site "Twente"]
[Date "2007.08.07"]
[Round "2"]
[White "Edens, Maike"]
[Black "Lardinois, Wouter"]
[Result "0-1"]
[WhiteElo "1700"]
[BlackElo "1283"]
[PlyCount "66"]
[EventDate "2007.08.06"]
[EventType "swiss"]
[EventRounds "9"]
[EventCountry "NED"]
[SourceTitle "EXT 2008"]
[Source "ChessBase"]
[SourceDate "2007.11.25"]
[SourceVersion "1"]
[SourceVersionDate "2007.11.25"]
[SourceQuality "1"]

1. Nf3 d5 2. d4 c5 3. e3 Nf6 4. Nbd2 e6 5. b3 Nc6 6. Bb2 Bd7 7. Be2 Bd6 8. c4 cxd4 9. Nxd4 e5 10. N4f3 Qc7 11. cxd5 Nxd5 12. e4 Nf4 13. 0-0 Be6 14. Rc1 f6 15. Bb5 0-0 16. Bxc6 bxc6 17. Nc4 Rfd8 18. Qc2 Rac8 19. Rfd1 Bxc4 20. Qxc4+ Qf7 21. Qxf7+ Kxf7 22. Kf1 Bb4 23. Rxd8 Rxd8 24. g3 Nd3 25. Rd1 Ke7 26. Bc1 Nxc1 27. Rxc1 Rd3 28. Rxc6 Rxf3 29. Rc7+ Kf8 30. Rc4 a5 31. Rc8+ Kf7 32. a3 Bxa3 33. Ke2 Rxb3 0-1

[Event "NED-ch U15 Girls"]
[Site "Venlo"]
[Date "2007.05.03"]
[Round "6"]
[White "Bitalzadeh, Mahsa"]
[Black "Edens, Maike"]
[Result "1/2-1/2"]
[WhiteElo "1180"]
[BlackElo "1622"]
[PlyCount "99"]
[EventDate "2007.04.30"]
[EventType "swiss"]
[EventRounds "9"]
[EventCountry "NED"]
[SourceTitle "EXT 2009"]
[Source "ChessBase"]
[SourceDate "2008.11.26"]
[SourceVersion "1"]
[SourceVersionDate "2008.11.26"]
[SourceQuality "1"]

1. e4 c5 2. c3 d5 3. e5 Bf5 4. d4 e6 5. Bb5+ Nc6 6. Qa4 Qb6 7. Nf3 c4 8. Bxc6+ bxc6 9. 0-0 Ne7 10. Nbd2 Ng6 11. g3 Be7 12. b3 Qb5 13. Qxb5 cxb5 14. a4 bxa4 15. Rxa4 Bd3 16. Re1 Bc2 17. Bb2 cxb3 18. Rea1 0-0 19. Rxa7 Rxa7 20. Rxa7 Rb8 21. h4 Bd8 22. Ng5 Ne7 23. Nf1 h6 24. Nf3 Nc6 25. Ra1 Na5 26. N3d2 Nc6 27. Ne3 Bd3 28. Ra3 Na5 29. Ra4 Bb5 30. Ra3 Nc4 31. Ndxc4 dxc4 32. h5 Bb6 33. g4 g6 34. hxg6 fxg6 35. Ra1 Kf7 36. f4 h5 37. gxh5 gxh5 38. f5 Rg8+ 39. Kh2 exf5 40. Nxf5 Ke6 41. Nd6 Bc6 42. Rg1 Rxg1 43. Kxg1 Bd5 44. Kf2 Bc7 45. Ne8 Bd8 46. Ng7+ Kf7 47. Nxh5 Bh4+ 48. Kg1 Bf3 49. Nf4 Bg3 50. Nh3 1/2-1/2

[Event "NED-ch U13 Girls"]
[Site "Rijswijk"]
[Date "2005.05.05"]
[Round "2"]
[White "Schakel, Milly"]
[Black "Edens, Maike"]
[Result "1/2-1/2"]
[WhiteElo "1575"]
[BlackElo "1318"]
[PlyCount "116"]
[EventDate "2005.05.05"]
[EventType "swiss"]
[EventRounds "9"]
[EventCountry "NED"]
[SourceTitle "EXT 2013"]
[Source "ChessBase"]
[SourceDate "2012.11.22"]
[SourceVersion "1"]
[SourceVersionDate "2012.11.22"]
[SourceQuality "1"]

1. d4 Nf6 2. c4 e6 3. Nc3 Bb4 4. Bg5 b6 5. Nf3 Bb7 6. e3 0-0 7. Be2 c5 8. 0-0 Bxc3 9. bxc3 d5 10. cxd5 Bxd5 11. Bd3 h6 12. Bh4 Nbd7 13. e4 g5 14. Nxg5 Nxe4 15. Nxe6 Qxh4 16. Nxf8 Rxf8 17. Bxe4 Qxe4 18. f3 Qg6 19. dxc5 Bc4 20. Qxd7 Bxf1 21. Rxf1 bxc5 22. Qxa7 Qd6 23. Qa4 Qd2 24. Qc4 Qe3+ 25. Kh1 Rd8 26. h3 Rd3 27. Rb1 Rxc3 28. Rb8+ Kg7 29. Qg4+ Qg5 30. Qxg5+ hxg5 31. a4 c4 32. a5 Ra3 33. Rc8 c3 34. a6 Rxa6 35. Rxc3 Kg6 36. Rc4 f5 37. h4 gxh4 38. Rxh4 Kg5 39. Rh3 Ra4 40. Kh2 Ra2 41. Kg3 f4+ 42. Kh2 Rb2 43. Rh8 Rb1 44. Rg8+ Kf5 45. Rg4 Rf1 46. Rg8 Ra1 47. Rf8+ Ke5 48. g3 fxg3+ 49. Kxg3 Ra4 50. f4+ Ke6 51. Kg4 Ra5 52. f5+ Ke7 53. Rh8 Kf7 54. Kg5 Ra6 55. Rh7+ Kf8 56. f6 Ra1 57. Rh4 Kf7 58. Rh7+ Kf8 1/2-1/2